Loading...
| History - European | 4 | 1 | 1 | 0 | 65 | 51 | 59.40 | 1 | 4 | 28.61 | 38.89 |
| History - World | 2 | 3 | 1 | 0 | 55 | 37 | 55.40 | 1 | 5 | 29.99 | 43.06 |
| History - American | 2 | 1 | 2 | 0 | 30 | 21 | 55.00 | 1 | 3 | 18.58 | 29.17 |
| Geography | 1 | 2 | 1 | 1 | 30 | 14 | 54.33 | 1 | 2 | 44.43 | 53.13 |
| Literature - British | 0 | 1 | 0 | 1 | 10 | 134 | 134.00 | 0 | 0 | 0.08 | 1.39 |
| Social Science | 0 | 1 | 0 | 0 | 10 | 79 | 79.00 | 0 | 1 | 5.06 | 9.72 |
| Fine Arts - Other | 0 | 1 | 0 | 1 | 10 | 116 | 116.00 | 0 | 0 | -0.50 | 5.56 |
| History - Ancient/Other | 0 | 2 | 2 | 0 | 10 | 74 | 85.50 | 0 | 0 | 7.71 | 8.93 |
| History - Other | 0 | 1 | 0 | 0 | 10 | 102 | 102.00 | 0 | 0 | 7.50 | 25.00 |
| Science - Chemistry | 0 | 1 | 0 | 1 | 10 | 125 | 125.00 | 0 | 0 | 0.17 | 1.39 |
| Current Events | 0 | 1 | 0 | 0 | 10 | 50 | 50.00 | 0 | 1 | 29.51 | 43.75 |
| Science - Other | 0 | 0 | 1 | 0 | -5 | 0.00 | 0 | 0 | 0.00 | 0.00 | |
| Mythology | 0 | 0 | 1 | 0 | -5 | 0.00 | 0 | 0 | 0.00 | 0.00 | |
| Philosophy | 0 | 0 | 1 | 0 | -5 | 0.00 | 0 | 0 | 0.00 | 0.00 |